Mind on Statistics (Record no. 509)

MARC details
000 -LEADER
fixed length control field 00604nam a22002177a 4500
005 - DATE AND TIME OF LATEST TRANSACTION
control field 20230731132939.0
008 - FIXED-LENGTH DATA ELEMENTS--GENERAL INFORMATION
fixed length control field 230731b |||||||| |||| 00| 0 eng d
020 ## - INTERNATIONAL STANDARD BOOK NUMBER
International Standard Book Number 9781285760995 (hbk)
040 ## - CATALOGING SOURCE
Original cataloging agency KMU
Transcribing agency KMU
Modifying agency KMU
Description conventions KMU
050 ## - LIBRARY OF CONGRESS CALL NUMBER
Classification number QA 276.12 Utt
100 ## - MAIN ENTRY--PERSONAL NAME
Personal name Utts,Jessica M.
245 ## - TITLE STATEMENT
Title Mind on Statistics
Remainder of title /
Statement of responsibility, etc. Jessica M.utts and Robert F. Heckard
250 ## - EDITION STATEMENT
Edition statement 5th Edition
260 ## - PUBLICATION, DISTRIBUTION, ETC.
Place of publication, distribution, etc. USA:
Name of publisher, distributor, etc. Stamdford Place,
Date of publication, distribution, etc. 2015.
300 ## - PHYSICAL DESCRIPTION
Extent 739 p.:
Other physical details ill.;
Dimensions 23cm
500 ## - GENERAL NOTE
General note Includes an index
650 ## - SUBJECT ADDED ENTRY--TOPICAL TERM
Topical term or geographic name entry element Mathematics
650 ## - SUBJECT ADDED ENTRY--TOPICAL TERM
Topical term or geographic name entry element Statistics
700 ## - ADDED ENTRY--PERSONAL NAME
Personal name Heckard,Robert F.
942 ## - ADDED ENTRY ELEMENTS (KOHA)
Source of classification or shelving scheme Library of Congress Classification
Koha item type Non-Fiction
Suppress in OPAC No
Holdings
Withdrawn status Lost status Source of classification or shelving scheme Damaged status Not for loan Collection Home library Current library Shelving location Date acquired Source of acquisition Total Checkouts Full call number Barcode Date last seen Date last checked out Price effective from Koha item type
    Library of Congress Classification     Non-fiction Kapasa Makasa University Kapasa Makasa University Open Access 31.07.2023 CBU 1 QA 276.12 Utt 300083 29.08.2023 31.07.2023 31.07.2023 Non-Fiction